000 01063naa a22003137a 4500
001 BR7803319
003 BR-BrBNA
005 20240918174109.0
007 ta
008 230509b bl.||||| |||| 00| 0 por d
040 _aBR-BrBNA
_bpor
_cBiblioteca Nacional de Agricultura
041 _a(Pt)
072 _aP00; L20
_b8810
090 _aP00 BR7803319
100 1 _aCoimbra Filho, A.F.
111 1 _aSeminario sobre Caca Amadorista
_c17 Nov 1976
_dBrasilia, DF (Brazil)
245 1 _aCriadouros, parques e clubes de caca
260 3 _aBrasilia, DF (Brasil):
_c1978.
500 _aSeminario sobre caca amadorista (Especies cinegeticas) Brasilia, DF (Brasil): 1978. p. 33-52 (BR7803319-AM)P00
650 _aRecurso natural
650 _aEcologia animal
650 _aCaca
650 _aFauna silvestre
650 _aConservacao
650 _aAnimal selvagem
773 0 _tSeminario sobre caca amadorista (Especies cinegeticas)
_wP00 BR7803319
_gBrasilia, DF (Brasil), 1978. p. 33-52
909 _a202404
_bLucia
_c55
_dLucia Elande
942 _cAM
_2AGRIS
999 _c308890
_d308890